000 00980nam a22001937a 4500
003 NALT
005 20220223094002.0
008 s2548 th tha d
040 _aNALT
041 _atha
050 _aQK 495.064
_bท733ค 2548
100 0 _aเที้ยน คงยุทธิ์
_957129
245 1 0 _aโครงการการอนุรักษ์และฟื้นฟูพันธุ์กล้วยไม้ป่าในพื้นที่ภาคใต้ของประเทศไทย /
_cเที้ยน คงยุทธิ์ และคณะ.
260 _aกรุงเทพฯ :
_bสำนักงานกองทุนสนับสนุนการวิจัย,
_c2548
300 _a1 เล่ม :
_bภาพประกอบ, ตาราง ;
_c29 ซม.
650 0 4 _aกล้วยไม้ -- ไทย (ภาคใต้) -- วิจัย
850 _aNALT
942 _cRSH
_2lcc
999 _c46674
_d46674
998 _j109
_k อารีรัตน์ วิชาช่าง